| 000 | 05305cam a22018854i 4500 | ||
|---|---|---|---|
| 003 | PE-LiUPU | ||
| 005 | 20250813165633.0 | ||
| 008 | 150625s2004 mx a rb 000 0 d | ||
| 020 | _a968426707X | ||
| 020 | _a9789684267077 | ||
| 035 | _a(Sirsi) i9789684267077 | ||
| 040 |
_aPE-LiUPU _bspa _cPE-LiUPU _erda |
||
| 049 | _aPRUA | ||
| 082 | 0 | 4 |
_a612.694 _bM52 2004 _221 |
| 245 | 0 | 0 |
_aSexualidad humana de McCary / _cJames Leslie McCary [et..al]. |
| 250 | _aQuinta edición. | ||
| 264 | 1 |
_aMéxico : _bEl Manual Moderno, _c2004. |
|
| 300 |
_a430 páginas : _bilustraciones, fotos ; _c25 centímetros. |
||
| 336 |
_atext _2rdacontent |
||
| 337 |
_aunmediated _2rdamedia |
||
| 338 |
_avolume _2rdacarrier |
||
| 504 | _aIncluye referencias bibliográficas. | ||
| 505 | 0 | _a¿Porqué la educación sexual? -- Mitos y falacias sexuales -- Funciones del sistema endocrino -- Sistema sexual masculino -- Sistema sexual femenino -- Menstruación y climaterio -- Fertilización, desarrollo prenatal y nacimiento -- Intimidad y amor -- Técnicas de la estimulación sexual -- Afrodisiacos y anafrodisiacos -- Posiciones en el acto sexual -- Orgasmo -- Control de la natalidad -- Sexualidad en la vejez -- Actitudes hacia el sexo -- Conducta sexual en perspectiva -- Variantes de la actividad sexual -- Homosexualidad -- El sexo y la ley -- Disfunciones sexuales -- SIDA y enfermedades de trasmisión sexual -- Glosario. | |
| 526 | _aP203 | ||
| 526 | _aP200 | ||
| 526 | _aSEG65 | ||
| 526 | _aSEG64 | ||
| 526 | _aSEG63 | ||
| 526 | _aSEG62 | ||
| 526 | _aSEG61 | ||
| 526 | _aSEG60 | ||
| 526 | _aSEG59 | ||
| 526 | _aSEG58 | ||
| 526 | _aSEG57 | ||
| 526 | _aSEG56 | ||
| 526 | _aSEG55 | ||
| 526 | _aSEG54 | ||
| 526 | _aSEG53 | ||
| 526 | _aSEG52 | ||
| 526 | _aSEG51 | ||
| 526 | _aSEG50 | ||
| 526 | _aSEG49 | ||
| 526 | _aSEG48 | ||
| 526 | _aSEG47 | ||
| 526 | _aSEG46 | ||
| 526 | _aSEG24 | ||
| 526 | _aSEG23 | ||
| 526 | _aSEG22 | ||
| 526 | _aSEG21 | ||
| 526 | _aSEG20 | ||
| 526 | _aSEG19 | ||
| 526 | _aSEG18 | ||
| 526 | _aSEG17 | ||
| 526 | _aSEG16 | ||
| 526 | _aSEG14 | ||
| 526 | _aSEG13 | ||
| 526 | _aSEG12 | ||
| 526 | _aSEG11 | ||
| 526 | _aSEG10 | ||
| 526 | _aSEG09 | ||
| 526 | _aSEG06 | ||
| 526 | _aSEG05 | ||
| 526 | _aSEG04 | ||
| 526 | _aSEG03 | ||
| 526 | _aSEG02 | ||
| 526 | _aSEG68 | ||
| 526 | _aSEG66 | ||
| 526 | _aSEG45 | ||
| 526 | _aSEG25 | ||
| 526 | _aSEG01 | ||
| 526 | _aP163 | ||
| 526 | _aP162 | ||
| 526 | _aP161 | ||
| 526 | _aP160 | ||
| 526 | _aP159 | ||
| 526 | _aP158 | ||
| 526 | _aP157 | ||
| 526 | _aP156 | ||
| 526 | _aP155 | ||
| 526 | _aP154 | ||
| 526 | _aP153 | ||
| 526 | _aP152 | ||
| 526 | _aP151 | ||
| 526 | _aP150 | ||
| 526 | _aP149 | ||
| 526 | _aP142 | ||
| 526 | _aP141 | ||
| 526 | _aP140 | ||
| 526 | _aP139 | ||
| 526 | _aP138 | ||
| 526 | _aP137 | ||
| 526 | _aP132 | ||
| 526 | _aP131 | ||
| 526 | _aP130 | ||
| 526 | _aP126 | ||
| 526 | _aP125 | ||
| 526 | _aP124 | ||
| 526 | _aP123 | ||
| 526 | _aP115 | ||
| 526 | _aP122 | ||
| 526 | _aP121 | ||
| 526 | _aP116 | ||
| 526 | _a P114 | ||
| 526 | _aP112 | ||
| 526 | _aP111 | ||
| 526 | _aP104 | ||
| 526 | _aP103 | ||
| 526 | _aP102 | ||
| 526 | _aP101 | ||
| 526 | _aP100 | ||
| 526 | _aP96 | ||
| 526 | _aP95 | ||
| 526 | _aP93 | ||
| 526 | _aP92 | ||
| 526 | _aP91 | ||
| 526 | _aP88 | ||
| 526 | _aP83 | ||
| 526 | _aP82 | ||
| 526 | _aP79 | ||
| 526 | _aP78 | ||
| 526 | _aP75 | ||
| 526 | _aP74 | ||
| 526 | _aP71 | ||
| 526 | _aP69 | ||
| 526 | _a P51 | ||
| 526 | _aP49 | ||
| 526 | _aP48 | ||
| 526 | _aP47 | ||
| 526 | _aP33 | ||
| 526 | _aP31 | ||
| 526 | _a P30 | ||
| 526 | _aP29 | ||
| 526 | _aP27 | ||
| 526 | _aP26 | ||
| 526 | _aP25 | ||
| 526 | _aP24 | ||
| 526 | _a P22 | ||
| 526 | _aP10 | ||
| 526 | _aP09 | ||
| 526 | _a P08 | ||
| 526 | _aP06 | ||
| 526 | _aP05 | ||
| 526 | _aP04 | ||
| 526 | _aP01 | ||
| 541 | _g0014-013485; | ||
| 541 | _g0001-000548; | ||
| 650 | 0 | 4 | _aHigiene Sexual. |
| 650 | 0 | 4 | _aSexo. |
| 700 | 1 | _aMcCary, James Leslie | |
| 700 | 1 |
_aRío, Carlos del, _eCoord. |
|
| 942 |
_2ddc _cBOOK |
||
| 949 |
_a612.694 M52 2004 _wDEWEY _c1 _i55644 _lCCODEBUL1 _mBUL _p23.00 _r0 _sY _tBOOK _u2015-6-25 _xSALUD _PP35 _0COMPRA _o.STAFF. Colección General |
||
| 949 |
_a612.694 M52 2004 _wDEWEY _c1 _iFJ02512 _lCCODEBUJ1 _mBUJ _p26.00 _r0 _sY _tBOOK _u2015-9-9 _xSALUD _PP33 _0COMPRA _o.STAFF. Colección General Juliaca |
||
| 994 |
_aC0 _bPEPRU |
||
| 596 | _a1 3 | ||
| 999 |
_a612.694 M52 2004 _wDEWEY _c44504 _i55644 _d44504 _e2017-5-24 _f2019-12-11 _g4 _lCCODEBUL1 _mBUL _n3 _p23.00 _q1 _r0 _sY _tBOOK _u2015-6-25 _xSALUD _zP35 _0COMPRA _o.STAFF. Colección General |
||
| 999 |
_a612.694 M52 2004 _wDEWEY _c2 _i77198 _d2019-10-14 _e2019-6-5 _f2021-11-3 _g4 _lCCODEBUL1 _mBUL _n5 _p37.25 _q1 _r0 _sY _tBOOK _u2017-12-4 _xSALUD _zP80 _0COMPRA _o.STAFF. Colección Ciencias de la Salud |
||
| 999 |
_a612.694 M52 2004 _wDEWEY _c1 _iFJ02512 _d2019-11-14 _e2019-11-11 _f2022-1-25 _g4 _lCCODEBUJ1 _mBUJ _n7 _p26.00 _q11 _r0 _sY _tBOOK _u2015-9-9 _xSALUD _zP33 _0COMPRA _o.STAFF. Colección General Juliaca |
||
| 980 |
_81 _gALBERTO SANCHEZ Responsable de Automatización |
||